|
|
|
|
| LEADER |
00000nam a22000007a 4500 |
| 005 |
20220808233517.0 |
| 007 |
cr|||| |||| |
| 008 |
220808s2019 br |||||s|||| 00||0 por d |
| 020 |
|
|
|a 978-85-93741-40-1
|
| 035 |
|
|
|a 36804
|
| 040 |
|
|
|a vLex
|
| 090 |
|
|
|c 13679
|d 13679
|
| 100 |
1 |
|
|a de Azevedo Lopes, Othon
|
| 245 |
1 |
0 |
|a Fundamentos da Responsabilidade Civil
|h [Recurso electrn̤ico] /
|c Othon de Azevedo Lopes
|
| 256 |
|
|
|a Servicio en ln̕ea
|
| 260 |
|
|
|a Rio de Janeiro:
|b Editora Processo,
|c 2019
|
| 300 |
|
|
|a 1 recurso electrn̤ico
|
| 500 |
|
|
|a 'De um modo geral, a obra permanece profundamente marcada pela orientaȯ̂ filosf̤ica e histr̤ica do esforȯ de reflexô e formulaȯ̂ realizado desde a primeira versô. Nessa reformulaȯ̂, o leitor continuar ̀a poder beneficiar-se de reflexe̳s valiosas, calcadas em notv̀el e abrangente erudiȯ̂ filosf̤ica e jurd̕ica e repassadas de percuciente senso histr̤ico, agora com a revelaȯ̂ de mais alguns corpos celestes, presentes entre as constelaė̳s de ideias, inicialmente observadas com base na calibragem inicial do sextante que tem guiado o esforȯ do autor em perscrutar um universo infinito.'
|
| 506 |
1 |
|
|a Disponible solo en los productos indicados
|d vLex Global
|d vLex Global (Academic Edition, excluding Law Schools)
|d vLex Global (U.S. Academic Edition, Law Schools)
|d vLex Global (U.S. Academic Edition, excluding Law Schools)
|d vLex Global (Academic Edition, Law Schools)
|
| 650 |
0 |
4 |
|a Derecho Civil
|z Brasil
|
| 740 |
0 |
|
|a vLex Libros (Servicio en ln̕ea)
|
| 856 |
4 |
0 |
|u https://app.vlex.com/#/sources/36804
|z Acceso restringido
|
| 942 |
|
|
|c BOOK
|
| 999 |
0 |
|
|a Civil Law
|